| 000 | 00520nam a2200145Ia 4500 | ||
|---|---|---|---|
| 008 | 170221s9999 xx 000 0 und d | ||
| 100 | _aIrina Matveevna Romanova | ||
| 245 | _aConsumers’ Behavior in the Travel Services Markets of Asia-Pacific Region | ||
| 245 | _cIrina Matveevna Romanova, Elena Viktorovna Noskova | ||
| 260 | _bInternational Review of Management and Marketing | ||
| 260 | _c2016 | ||
| 300 | _a6 : 5S | ||
| 650 | _xMarketing. | ||
| 856 | _uhttp://www.econjournals.com/index.php/irmm/issue/view/83 | ||
| 999 |
_c308158 _d308158 |
||